STEEL CONSTRUCTION A MANUAL FOR ARCHITECTS ENGINEER'S AND FABRICATORS OF BUILDINGS AND OTHER STEEL STRUCTURES (Record no. 568500)
[ view plain ]
| 000 -LEADER | |
|---|---|
| fixed length control field | 00361nam a22001217a 4500 |
| 082 ## - DEWEY DECIMAL CLASSIFICATION NUMBER | |
| Classification number | 669.142 STE'A |
| 100 ## - MAIN ENTRY--PERSONAL NAME | |
| Personal name | AMERICAN SOCIETY |
| 9 (RLIN) | 42369 |
| 245 ## - TITLE STATEMENT | |
| Title | STEEL CONSTRUCTION A MANUAL FOR ARCHITECTS ENGINEER'S AND FABRICATORS OF BUILDINGS AND OTHER STEEL STRUCTURES |
| 250 ## - EDITION STATEMENT | |
| Edition statement | 5TH |
| 260 ## - PUBLICATION, DISTRIBUTION, ETC. | |
| Place of publication, distribution, etc. | NEWYORK |
| Name of publisher, distributor, etc. | AMERICAN SOCIETY |
| Date of publication, distribution, etc. | 1959 |
| 300 ## - PHYSICAL DESCRIPTION | |
| Extent | 431P |
| 942 ## - ADDED ENTRY ELEMENTS (KOHA) | |
| Koha item type | Book |
| Withdrawn status | Lost status | Damaged status | Not for loan | Permanent Location | Current Location | Shelving location | Date acquired | Total Checkouts | Full call number | Barcode | Date last seen | Price effective from | Koha item type |
|---|---|---|---|---|---|---|---|---|---|---|---|---|---|
| College of Electrical & Mechanical Engineering (CEME) | College of Electrical & Mechanical Engineering (CEME) | General Stacks | 07/17/2017 | 669.142 STE'A | CEME-3131 | 06/28/2021 | 06/28/2021 | Book | |||||
| College of Electrical & Mechanical Engineering (CEME) | College of Electrical & Mechanical Engineering (CEME) | General Stacks | 07/17/2017 | 669.142 STE'A | CEME-3132 | 06/28/2021 | 06/28/2021 | Book |
